Responses for show #3563 - Wednesday, February 16, 2000

2000-A College Championship semifinal game 3.

Contestants

[<< previous game]

Julia Becker, a senior at Brandeis University from Cranford, New Jersey

Kurt Medland, a sophomore at Albion College from Lapeer, Michigan

Adam Center, a senior at Georgetown University from Atlanta, Georgia

[next game >>]

Jeopardy! Round responses

WOMEN RULE!
RADIO WAVES
BAD NEWS
THE BIBLE
CLIFFS NOTES
(Alex: We want you to name the work.)
A.T.
    $100 1
Mary, Queen of Scots (Mary I)

Kurt
    $100 21
Country & Western

Kurt
    $100 2
The Alamo

Kurt
    $100 22
Solomon

Julia
    $100 6
"Catcher in the Rye"

Kurt
    $100 14
All thumbs

Kurt
    $200 12
Queen Victoria

Kurt
    $200 23
(Julia: What is Lovelines?)
...
(Alex: [*], yes, no plural.)

Loveline

AdamJulia
    $200 3
Volcano

Kurt
    $200 27
Book

Julia
    $200 8
"Moby Dick"

Julia
    $200 15
Analyze This

Adam
    $300 13
(K: Who is Nefertiti?)

Isis

Kurt
Triple Stumper
    $300 24
Simulcast

Kurt
    $300 4
Spanish Armada

Kurt
    $300 28
Thy neighbor

Kurt
    $300 9
(A: What is "The Odyssey?")

"The Iliad"

AdamJulia
    $300 16
All That

Julia
    $400 19
Romans

Kurt
    $400 25
UFOs

Adam
    $400 5
Poland

Julia
    $400 29
Sea of Galilee

Kurt
    $400 10
(Julia: What is Portrait of an Artist as a Young Man?)
...
(Alex: Yeah, I know, folks, but ya gotta get those titles right!)

Portrait of the Artist as a Young Man

Julia
    $400 17
Alfred Lord Tennyson

Kurt
    $500 20
Catherine the Great

Adam
    $500 26
The Beltway

Adam
    $500 7
(A: Who is Louis XIV?)
(J: Who is Napoleon?)

Louis XVI

AdamJulia
Triple Stumper
    $500 30
They shall inherit the Earth

Kurt
    $500 11
"The Good Earth"

Kurt
    $500 18
Amy Tan

Kurt

Scores at the first commercial break (after clue 13):

Adam Kurt Julia
-$800 $1,200 $0

Scores at the end of the Jeopardy! Round:

Adam Kurt Julia
$1,000 $4,200 $400

Double Jeopardy! Round responses

THE CIVIL WAR
CAPITAL TOURISM
ARTISTS
STRICTLY BUSINESS
F. SCOTT FITZGERALD
MIND YOUR "P"s & "Q"s
    $200 12
Congressional Medal of Honor

Julia
    $200 2
Bangkok

Julia
    $200 17
Dr. Seuss

Kurt
    $200 22
Inventory

Julia
    $200 1
Princeton

Kurt
    $200 7
Quack

Kurt
    $400 18
Fort Sumter

Kurt
    $400 8
Ottawa

Kurt
    $400 27
Claude Monet

Kurt
    $400 23
Consumer Price Index

Adam
    $400 3
Zelda

Julia
    $400 13
Pickle

Kurt
    $600 19
William T. Sherman

Kurt
    $600 9
Nairobi

Kurt
    $600 28
Salvador Dali

Kurt
    $600 24
Eminent domain

Adam
    $500 4
Paris

Julia
    $600 14
Pace car

Adam
    $800 20
Gettysburg

Kurt
    $800 10
(A: What is Lisbon?)

Vienna

Adam
Triple Stumper
    $1,400 29
Marc Chagall

Kurt
    $800 25
Appraisal

Adam
    $800 5
Gone With The Wind

Adam
    $800 15
Quadratic equation

Julia
    $1000 21
Richmond, Virginia

Adam
    $1000 11
Fiji

Triple Stumper
    $1000 30
(K: Who is Miro?)

Mark Rothko

Kurt
Triple Stumper
    $1000 26
Collateral

Adam
    $1000 6
Her hair

Julia
    $1000 16
Quetzal

Triple Stumper

Scores at the end of the Double Jeopardy! Round:

Adam Kurt Julia
$5,400 $9,400 $3,700

[wagering suggestions for these scores]

Final Jeopardy! Round responses

OSCAR-WINNING MOVIES
JuliaWhat is the Silence of the Lambs?
$3,700
AdamWhat is "Silence of the Lambs"?
$5,400
KurtWhat is Psycho
$1,401
The Silence of the Lambs

Final scores:

Adam Kurt Julia
$10,800 $7,999 $7,400
Finalist 2nd place: $5,000 3rd place: $5,000

Game dynamics:

Coryat scores:

Adam Kurt Julia
$5,400 $8,800 $4,200
12 R,
3 W
28 R
(including 1 DD),
2 W
13 R
(including 1 DD),
3 W
(including 1 DD)

Combined Coryat: $18,400

The J! Archive is created by fans, for fans. The Jeopardy! game show and all elements thereof, including but not limited to copyright and trademark thereto, are the property of Jeopardy Productions, Inc. and are protected under law. This website is not affiliated with, sponsored by, or operated by Jeopardy Productions, Inc. Join the discussion at JBoard.tv.